| 000 | 02592nam a2200481 a 4500 | ||
|---|---|---|---|
| 999 |
_c126578 _d126578 |
||
| 003 | BLK | ||
| 005 | 20250605174547.0 | ||
| 008 | 180409b bul|||||r ||||||| ||bul|| | ||
| 010 | _aKNG00132266000 | ||
| 040 | _aBLK | ||
| 041 |
_aBUL _cBUL |
||
| 080 |
_aОсновно образование _b372.4 _x(091)(075) _z372.4(091)(075) |
||
| 080 |
_aТрадиционни, основни учебни средства и помагала - Литература върху учебници, учебни помагала, списания, вестници, картини и др. _b371.67 _x(497.2)(091) _z371.67(497.2)(091) |
||
| 080 |
_aОрганизация на възпитанието и образованието. Училищно дело. _b37.09 _x(497.2)(091) _z37.09(497.2)(091) |
||
| 100 | 1 |
_aБерон, Петър _eпърви автор _gАтанасов, Петър Хаджиберович _9280176 |
|
| 139 |
_aБерон, Петър _bБ 40 |
||
| 245 | 1 | 0 |
_aБуквар с различни поучения _bРибен буквар _cПетър Берон; стъкмил Стойко Иванов Стойков; * Петър Хаджиберович Атанасов. |
| 250 | _aФототип. изд. | ||
| 257 | _aBGR | ||
| 260 |
_bНар. просв. _c1964 _aСофия |
||
| 300 |
_a164 с., 4 л. ил., табл. _c25 см |
||
| 380 | _a3 | ||
| 500 | _aИстинското име на Петър Берон е Петър Хаджиберович Атанасов. - 5 179 тир. - Библиогр. с. 161-164. Юбил. изд. по случай 140 г. от 1. изд. на буквара. | ||
| 650 | 4 |
_aУчебници и учебни помагала, български - през Възраждането _9253672 |
|
| 650 | 4 |
_aБуквари _9149273 |
|
| 650 | 4 |
_aОбразование и просвета - България - история _9244253 |
|
| 651 | 4 |
_aБългария _9241624 |
|
| 653 | _aобразование | ||
| 653 | _aучебници | ||
| 653 | _aВъзраждане | ||
| 653 | _aбългарска история | ||
| 653 | _aРибен буквар | ||
| 653 | _aбуквари | ||
| 700 | 1 |
_aСтойков, Стойко Иванов _eстъкмил _9363446 |
|
| 700 | 1 |
_aАтанасов, Петър Хаджиберович _e* _9305408 |
|
| 852 |
_aЦб 30194 _bЦб |
||
| 856 | 4 | _qpdf | |
| 856 | 4 | _qpdf | |
| 942 |
_cKNG _n0 _018 _s1 |
||
| 944 |
_aCR _c19.07.2012 _lБояна Костадинова _k30551 |
||
| 944 |
_aED _c25.08.2012 _l19.07.2012 - от С1,Р / 19.07.2012 |
||
| 999 | _d126578 | ||